Icons of Evolution. (Record no. 3920)

MARC details
000 -LEADER
fixed length control field 00521nam a22001937a 4500
003 - CONTROL NUMBER IDENTIFIER
control field OSt
005 - DATE AND TIME OF LATEST TRANSACTION
control field 20160509171111.0
008 - FIXED-LENGTH DATA ELEMENTS--GENERAL INFORMATION
fixed length control field 160509b xxu||||| |||| 00| 0 eng d
020 ## - INTERNATIONAL STANDARD BOOK NUMBER
International Standard Book Number 0895262762.
040 ## - CATALOGING SOURCE
Transcribing agency DDC.
082 ## - DEWEY DECIMAL CLASSIFICATION NUMBER
Classification number 576.8WEL 2000.
100 ## - MAIN ENTRY--PERSONAL NAME
Personal name Jonathan,Wells;
9 (RLIN) 8588
245 ## - TITLE STATEMENT
Title Icons of Evolution.
Remainder of title Science or Myth?
260 ## - PUBLICATION, DISTRIBUTION, ETC. (IMPRINT)
Place of publication, distribution, etc. Washington Dc.
Name of publisher, distributor, etc. regnery Publishing,Inc.
Date of publication, distribution, etc. 2000.
300 ## - PHYSICAL DESCRIPTION
Extent 338p;
Other physical details ill;
Dimensions 22cm.
504 ## - BIBLIOGRAPHY, ETC. NOTE
Bibliography, etc includes notes and index.
650 ## - SUBJECT ADDED ENTRY--TOPICAL TERM
Topical term or geographic name as entry element Science.
9 (RLIN) 2110
942 ## - ADDED ENTRY ELEMENTS (KOHA)
Source of classification or shelving scheme Dewey Decimal Classification
Koha item type Short Loan
Holdings
Withdrawn status Lost status Source of classification or shelving scheme Damaged status Not for loan Home library Current library Date acquired Source of acquisition Inventory number Total Checkouts Full call number Barcode Date last seen Price effective from Koha item type
    Dewey Decimal Classification     MUST Main Library MUST Main Library 09/05/2016   04/22179   576.8WEL 2000. 2016-1661 09/05/2016 09/05/2016 Short Loan